Normal view
MARC view
- Humes, James C.
Entry Personal Name
001 - CONTROL NUMBER
- control field: 7813
003 - CONTROL NUMBER IDENTIFIER
- control field: OSt
005 - DATE AND TIME OF LATEST TRANSACTION
- control field: 20170524143028.0
008 - FIXED-LENGTH DATA ELEMENTS
- fixed length control field: 170524|| aca||aabn | a|a d
040 ## - CATALOGING SOURCE
- Original cataloging agency: OSt
- Transcribing agency: OSt
100 ## - HEADING--PERSONAL NAME
- Personal name: Humes, James C.
670 ## - SOURCE DATA FOUND
- Source citation: Work cat.: (OSt): Humes, James C., Instant eloquence, 1985, c1973.

PORTAL AKMAL
E-MEL JKDM
AKMAL2U
G-BAM
u-PUSTAKA